| 000 | 01423nam a2200241Ia 4500 | ||
|---|---|---|---|
| 003 | Ost | ||
| 005 | 20260507075351.0 | ||
| 008 | 260507s9999||||xx |||||||||||||| ||und|| | ||
| 020 | _a9957116894 | ||
| 040 | _cfsecg | ||
| 041 | _aara | ||
| 082 | _a330 | ||
| 100 |
_aمطر، محمد _eمؤلف |
||
| 245 | 0 |
_aمبادئ المحاسبة المالية : _bالدور المحاسبية ومشاكل الاعتراف والقياس والافصاح / _c محمد مطر |
|
| 250 | _aطبعة 4 | ||
| 260 |
_aعمان: _bدار وائل للنشر, _c2007 |
||
| 300 |
_a540 صفحة؛ _bإيضاحات ؛ _c24 سم |
||
| 520 | _aلمحة عن المحاسبة ونشأتها،الإيطار المفاهيمي او النظري للمحاسبة،نظام القيد المزدوج ومعادلة الميزانية،الدورة المحاسبية للعمليات المالية،التسويات الجردية،المحاسبة عن الايرادات والمصروفات،المحاسبة عن المتداولة او قصيرة الاجل،المحاسبة عن الاستثمارات طويلة الأجل،المحاسبة عن الأصول طويلة الأجل،المحاسبة عن المطلوبات،القوائم المالية الختامية | ||
| 653 | _aالمالية العامة | ||
| 653 | _aالمحاسبة | ||
| 653 | _aالمحاسبة- المالية العامة | ||
| 942 | _cكتاب | ||
| 999 |
_c44140 _d44140 |
||